[Event "Bratislava Doprastav op"]
[Site "Bratislava"]
[Date "2008.06.29"]
[Round "2"]
[White "Majsik, Vendelin"]
[Black "Chripko, Lubomir"]
[Result "1-0"]
[WhiteElo "1778"]
[BlackElo "1456"]
[PlyCount "105"]
[EventDate "2008.06.28"]
[EventType "swiss"]
[EventRounds "7"]
[EventCountry "SVK"]
[SourceTitle "CBM 125 Extra"]
[Source "ChessBase"]
[SourceDate "2008.09.01"]
[SourceVersion "1"]
[SourceVersionDate "2008.09.01"]
[SourceQuality "1"]

1. c4 e5 2. Nc3 Nf6 3. Nf3 Nc6 4. d4 d6 5. d5 Ne7 6. e4 Bg4 7. Be2 Ng6 8. h3 Bxf3 9. Bxf3 Be7 10. Be3 0-0 11. Qe2 Nf4 12. Bxf4 exf4 13. Qd2 g5 14. 0-0-0 h6 15. Kb1 Nd7 16. h4 Ne5 17. hxg5 hxg5 18. Rh5 Nxc4 19. Qe2 Kg7 20. Qxc4 Rh8 21. Rdh1 Rxh5 22. Rxh5 Qd7 23. Nb5 c6 24. Nd4 f6 25. dxc6 bxc6 26. Qxc6 Qxc6 27. Nxc6 Bd8 28. Nxd8 Rxd8 29. Rh1 Kf7 30. Rc1 Ke6 31. Bg4+ Ke5 32. f3 Kd4 33. Rc7 a6 34. Rd7 Rxd7 35. Bxd7 Ke3 36. b4 Kf2 37. Bh3 Ke3 38. Kc2 Kd4 39. Kb3 d5 40. exd5 Kxd5 41. Bc8 Kc6 42. Bxa6 Kb6 43. Bd3 Kc6 44. a4 Kb6 45. Kc4 Kc6 46. a5 Kb7 47. Kc5 Kc7 48. b5 Kb7 49. Kd6 Ka7 50. b6+ Kb7 51. Kd7 g4 52. Be4+ Ka6 53. b7 1-0

[Event "SVK-chT2W 9900"]
[Site "Slovakia"]
[Date "1999.??.??"]
[Round "4.8"]
[White "Zisek, Jaroslav"]
[Black "Majsik, Vendelin"]
[Result "1-0"]
[WhiteElo "1598"]
[BlackElo "1862"]
[PlyCount "67"]
[EventDate "1999.11.06"]
[EventType "team"]
[EventRounds "9"]
[EventCountry "SVK"]
[SourceTitle "EXT 2005"]
[Source "ChessBase"]
[SourceDate "2004.11.15"]
[SourceVersion "1"]
[SourceVersionDate "2004.11.15"]
[SourceQuality "1"]

1. c4 Nf6 2. Nc3 g6 3. e4 d6 4. d4 Nbd7 5. f3 Bg7 6. Be3 c6 7. Bd3 e5 8. d5 0-0 9. Nge2 cxd5 10. cxd5 Nc5 11. Bc2 a5 12. 0-0 b6 13. a3 Ba6 14. b4 Ncd7 15. Qd2 Rc8 16. Rfc1 Rc7 17. Ba4 axb4 18. axb4 Qb8 19. Bc6 Bxe2 20. Ra8 Qxa8 21. Bxa8 Bxf3 22. gxf3 Rxa8 23. Nb5 Rxc1+ 24. Qxc1 Bf8 25. Qc6 Ra4 26. Nxd6 Rxb4 27. Nc4 b5 28. Nxe5 Nxe5 29. Qxf6 Nc4 30. Bd4 Rb1+ 31. Kf2 Rb2+ 32. Bxb2 Nxb2 33. Qxb2 b4 34. Ke2 1-0

[Event "SVK-chT2A 9798"]
[Site "Slovakia"]
[Date "1997.??.??"]
[Round "?"]
[White "Bohmer, Lubos"]
[Black "Majsik, Vendelin"]
[Result "0-1"]
[WhiteElo "2015"]
[BlackElo "1885"]
[PlyCount "26"]
[EventDate "1997.??.??"]
[EventType "team"]
[EventRounds "11"]
[EventCountry "SVK"]
[SourceTitle "EXT 2001"]
[Source "ChessBase"]
[SourceDate "2000.11.22"]
[SourceVersion "1"]
[SourceVersionDate "2000.11.22"]
[SourceQuality "1"]

1. d4 Nf6 2. c4 g6 3. Nc3 Bg7 4. e4 d6 5. f3 0-0 6. Be3 e5 7. d5 c5 8. dxc6 bxc6 9. Bd3 d5 10. cxd5 cxd5 11. Nxd5 Nxd5 12. exd5 Na6 13. Bc4 Qh4+ 0-1

[Event "SVK-chT2A 9798"]
[Site "Slovakia"]
[Date "1997.??.??"]
[Round "?"]
[White "Majsik, Vendelin"]
[Black "Chorvatova, Elena"]
[Result "1-0"]
[WhiteElo "1885"]
[BlackElo "1885"]
[PlyCount "89"]
[EventDate "1997.??.??"]
[EventType "team"]
[EventRounds "11"]
[EventCountry "SVK"]
[SourceTitle "EXT 2001"]
[Source "ChessBase"]
[SourceDate "2000.11.22"]
[SourceVersion "1"]
[SourceVersionDate "2000.11.22"]
[SourceQuality "1"]

1. c4 c5 2. Nc3 Nf6 3. Nf3 Nc6 4. g3 e6 5. Bg2 d5 6. cxd5 Nxd5 7. 0-0 Be7 8. b3 0-0 9. Bb2 b6 10. Ne4 Bb7 11. e3 Nf6 12. Ne5 Na5 13. Nxf6+ Bxf6 14. Bxb7 Nxb7 15. Nc6 Qd6 16. Bxf6 Qxc6 17. Qg4 g6 18. d4 Nd6 19. Rac1 Qe4 20. Qg5 Ne8 21. dxc5 Nxf6 22. Qxf6 bxc5 23. Rxc5 Rac8 24. Qc3 Rxc5 25. Qxc5 a6 26. Rc1 Rd8 27. Qc4 Qxc4 28. Rxc4 Rd2 29. a4 Rd6 30. h4 Rb6 31. b4 h5 32. Kf1 Kg7 33. Ke2 Kf6 34. e4 e5 35. f4 exf4 36. gxf4 Ke6 37. Kd3 f6 38. Kc3 Kd6 39. Rc5 Ke6 40. Kc4 Kd6 41. Rc8 Ke6 42. Kc5 Rd6 43. Re8+ Kd7 44. Rd8+ Kxd8 45. Kxd6 1-0

[Event "Bratislava Doprastav op"]
[Site "Bratislava"]
[Date "1997.??.??"]
[Round "8"]
[White "Majsik, Vendelin"]
[Black "Maslikova, Veronika"]
[Result "1-0"]
[WhiteElo "1905"]
[BlackElo "1790"]
[PlyCount "141"]
[EventDate "1997.??.??"]
[EventType "swiss"]
[EventRounds "9"]
[EventCountry "SVK"]
[SourceTitle "EXT 1999"]
[Source "ChessBase"]
[SourceDate "1998.11.16"]
[SourceVersion "1"]
[SourceVersionDate "1998.11.16"]
[SourceQuality "1"]

1. c4 e5 2. Nc3 Nf6 3. Nf3 Nc6 4. g3 d5 5. cxd5 Nxd5 6. Bg2 Be7 7. Nxe5 Nxc3 8. Bxc6+ bxc6 9. dxc3 Qd5 10. Qxd5 cxd5 11. Be3 Bb7 12. f3 0-0 13. Nd3 Rfe8 14. Kf2 Bf6 15. Bd4 Bxd4+ 16. cxd4 Ba6 17. Rhd1 Re7 18. Rd2 Rae8 19. Re1 Rb8 20. b3 Rbe8 21. e3 f6 22. Nb4 Bb7 23. Rc2 a5 24. Nc6 Bxc6 25. Rxc6 Ra8 26. Rec1 Ra7 27. R1c5 Rd7 28. f4 Kf7 29. h4 g6 30. g4 Kg7 31. g5 f5 32. Re6 a4 33. b4 a3 34. Re5 Ra4 35. Ra5 Rxb4 36. Rxa3 c6 37. Rb3 Ra4 38. a3 Kf7 39. Rb8 Rxa3 40. Rh8 Ra2+ 41. Kf3 Kg7 42. Ree8 Raa7 43. Rhg8+ Kf7 44. Ref8+ Ke7 45. Rf6 c5 46. Rg7+ Ke8 47. Re6+ Kf8 48. Rxd7 Rxd7 49. dxc5 Rc7 50. c6 Kf7 51. Rf6+ Ke7 52. Ke2 Rc8 53. Kd3 Rd8 54. Kd4 Rc8 55. Kxd5 Rd8+ 56. Kc5 Rd3 57. h5 Rxe3 58. hxg6 hxg6 59. Rxg6 Rf3 60. c7 Rc3+ 61. Kd5 Kd7 62. Rg7+ Kc8 63. Ke5 Rc5+ 64. Kf6 Ra5 65. g6 Rb5 66. Kg5 Ra5 67. Rf7 Ra1 68. Kxf5 Rg1 69. g7 Kb7 70. Rf8 Kxc7 71. g8Q 1-0

[Event "Bratislava Doprastav op"]
[Site "Bratislava"]
[Date "1997.??.??"]
[Round "6"]
[White "Majsik, Vendelin"]
[Black "Misecka, Rastislav"]
[Result "1/2-1/2"]
[WhiteElo "1905"]
[BlackElo "2005"]
[PlyCount "120"]
[EventDate "1997.??.??"]
[EventType "swiss"]
[EventRounds "9"]
[EventCountry "SVK"]
[SourceTitle "EXT 1999"]
[Source "ChessBase"]
[SourceDate "1998.11.16"]
[SourceVersion "1"]
[SourceVersionDate "1998.11.16"]
[SourceQuality "1"]

1. c4 e6 2. b3 d5 3. d4 Be7 4. Nf3 Nf6 5. Bb2 0-0 6. g3 c5 7. cxd5 Nxd5 8. Bg2 cxd4 9. 0-0 Nc6 10. Nxd4 Nxd4 11. Bxd4 Nf6 12. Nc3 a6 13. Na4 Nd7 14. Rc1 Bf6 15. e3 Bxd4 16. Qxd4 Rb8 17. Rfd1 Qf6 18. Qxf6 Nxf6 19. Nb6 g6 20. Nxc8 Rfxc8 21. Rxc8+ Rxc8 22. Bxb7 Rc2 23. Bxa6 Rxa2 24. Bc4 Rb2 25. f3 Nd5 26. Bxd5 exd5 27. Rxd5 Rxb3 28. Rd8+ Kg7 29. Re8 Rb2 30. h4 h5 31. f4 Kf6 32. e4 Ra2 33. Rb8 Re2 34. Rb6+ Kg7 35. e5 Ra2 36. Rb7 Kf8 37. Rb6 Kg7 38. Rf6 Rb2 39. Ra6 Rc2 40. Ra3 Kf8 41. Rf3 Ke7 42. Rf2 Rc3 43. Kg2 f6 44. Re2 fxe5 45. Rxe5+ Kf6 46. Kf2 Ra3 47. Re3 Ra5 48. Kf3 Ra1 49. Rb3 Rc1 50. Ke4 Re1+ 51. Re3 Ra1 52. Kf3 Rf1+ 53. Kg2 Ra1 54. Rc3 Ra2+ 55. Kh3 Ra5 56. g4 hxg4+ 57. Kxg4 Ra4 58. Rc6+ Kg7 59. Re6 Ra1 60. Re3 Kf6 1/2-1/2

[Event "Bratislava Doprastav op"]
[Site "Bratislava"]
[Date "1997.??.??"]
[Round "9"]
[White "Pitonak, Jozef"]
[Black "Majsik, Vendelin"]
[Result "1-0"]
[WhiteElo "1840"]
[BlackElo "1905"]
[PlyCount "79"]
[EventDate "1997.??.??"]
[EventType "swiss"]
[EventRounds "9"]
[EventCountry "SVK"]
[SourceTitle "EXT 1999"]
[Source "ChessBase"]
[SourceDate "1998.11.16"]
[SourceVersion "1"]
[SourceVersionDate "1998.11.16"]
[SourceQuality "1"]

1. e4 d6 2. d4 Nf6 3. Nc3 g6 4. Bc4 Bg7 5. Nf3 0-0 6. 0-0 c6 7. h3 d5 8. exd5 cxd5 9. Bd3 e6 10. Bf4 b6 11. Nb5 a6 12. Nc7 Ra7 13. Nxd5 Qxd5 14. Bxb8 Rd7 15. c3 Bb7 16. Be5 Nh5 17. Qe2 Ra8 18. Rfe1 Bh6 19. Be4 Qxe4 20. Qxe4 Bxe4 21. Rxe4 b5 22. g4 f5 23. Ree1 fxg4 24. hxg4 Rf8 25. gxh5 Rxf3 26. hxg6 hxg6 27. Bg3 Kf7 28. Kg2 Rf5 29. Rh1 Rh5 30. Rxh5 gxh5 31. f4 Bg7 32. a3 Kg6 33. Re1 Kf5 34. Kf3 Bf6 35. Rh1 Rh7 36. Bh4 Bg7 37. Rg1 Bh6 38. Rg8 Rg7 39. Rf8+ Kg6 40. Rf6+ 1-0

[Event "Bratislava op"]
[Site "Bratislava"]
[Date "1995.??.??"]
[Round "2"]
[White "Majsik, Vendelin"]
[Black "Jambrich, Jaromir"]
[Result "1-0"]
[WhiteElo "1915"]
[BlackElo "1855"]
[PlyCount "90"]
[EventDate "1995.??.??"]
[EventType "swiss"]
[EventRounds "9"]
[EventCountry "SVK"]
[SourceTitle "EXT 1997"]
[Source "ChessBase"]
[SourceDate "1996.11.15"]
[SourceVersion "1"]
[SourceVersionDate "1996.11.15"]
[SourceQuality "1"]

1. c4 f5 2. d4 c6 3. Nf3 d6 4. g3 Qc7 5. b3 e5 6. dxe5 dxe5 7. Bb2 Bd6 8. e3 Nf6 9. Bg2 h6 10. 0-0 Be6 11. Qc2 Nbd7 12. Nc3 0-0-0 13. Nd2 g5 14. Ne2 f4 15. Ne4 Nxe4 16. Bxe4 Rhf8 17. Qc3 Bh3 18. Rfd1 Nc5 19. Bh1 fxg3 20. Nxg3 Qf7 21. Rd2 h5 22. Rad1 Bc7 23. Rxd8+ Bxd8 24. f3 h4 25. Ba3 Be7 26. Bxc5 Bxc5 27. Ne4 Be7 28. Qxe5 g4 29. f4 g3 30. hxg3 hxg3 31. Nxg3 Rg8 32. Kf2 Bh4 33. Rg1 Qg6 34. f5 Bxf5 35. Qf4 Bg4 36. Be4 Qe8 37. Bf5+ Bxf5 38. Qxf5+ Kb8 39. Qf4+ Kc8 40. Qxh4 Rh8 41. Qg4+ Kb8 42. Nf5 Rf8 43. e4 Qd7 44. Rd1 Qe7 45. Qf4+ Kc8 1-0